000
00188nam a2200085 4500
001
1257085
005
20260202103738.0
245
_a
TOPRAĞIMIZIN KOKUSU
_c
NEDİM DEMİRBAŞ
260
_b
EVEREST
999
_c
1257085
_d
1257085